Tracción diesel eléctrica

Guardat en:
Dades bibliogràfiques
Autor principal: Grinstein, David (Autor)
Format: Llibre
Idioma:espanyol
Publicat: Buenos Aires Alsina 1960
Matèries:
Etiquetes: Afegir etiqueta
Sense etiquetes, Sigues el primer a etiquetar aquest registre!

MARC

LEADER 00000nam a2200000 a 4500
001 UCU6554
003 CL-VaPUC
008 960621e19600000AG |||||||||||||||||spa|d
082 0 4 |a 621.81  |b GRI  |2 21 
100 0 |a Grinstein, David  |e author  |9 364781 
245 1 0 |a Tracción diesel eléctrica 
300 |a 235 p 
942 |c BK 
945 |d 19960621 00:00:00  |a cmena 
260 |a Buenos Aires  |b Alsina  |c 1960 
650 0 |a Motores   |9 334293 
650 0 |a Motores Diésel  |9 271572 
650 0 |a Refrigeración  |9 259343 
650 0 |a Circuitos eléctricos   |9 260262 
583 |a last modification  |c 19960621 00:00:00  |k Rodrigo Vera 
999 |c 249419  |d 249417 
952 |0 0  |1 0  |4 0  |6 621_810000000000000_GRI_1960  |7 0  |8 A  |9 266668  |a BIBING  |b BIBING  |d 2019-11-19  |i 1687778  |o 621.81 GRI 1960  |p 1687778  |r 2025-01-20  |w 2019-11-19  |y BK  |k ING